Torchwood A-Z - Statistics

General Stats
  • This quiz has been taken 124 times
  • The average score is 17 of 26
Answer Stats
Letter Hint Answer % Correct
C Capital city of Wales, where Torchwood is set Cardiff
100%
L Capital city of England where Torchwood One was based London
97%
I Jack's faithful assistant who ultimately became his lover Ianto
96%
E First name of actress who played Gwen Cooper Eve
91%
H Surname of Torchwood operative Owen Harper
89%
G Jack's younger brother Gray
85%
S Toshiko ____ , Torchwood operative Sato
83%
U Government organisation that deals with aliens UNIT
83%
B The alien driving a sports car at the start of series 2 looked like this type of fish Blowfish
81%
D Jack's friend, The _____ Doctor
81%
N The ___ Travellers, a group of circus performers Night
76%
V Time travel device used by Jack Vortex Manipulator
75%
W Surname of Rhys, Gwen's partner Williams
74%
T Mysterious organisation that Jack and John Hart used to belong to Time Agency
73%
Z Not actually Torchwood, but large, red, shape-shifting alien covered in suckers Zygon
71%
F Mysterious creatures who were once children Fairies
70%
X Jack and Gwen were likened to Mulder and Scully from this programme The X Files
61%
Y _____ Alert was introduced by the UN when the 456 arrived Yellow
58%
O _____ Secrets Act, signed and broken by Lois when she helped Torchwood Official
57%
R Metal glove used by Suzie Costello to reanimate corpses Resurrection Glove
40%
P Research centre using aliens to find new cures, including 'Reset' The Pharm
30%
M The surname of Clement, who was meant to be handed over to the 456 as a child MacDonald
29%
J Cardiff pizza branch that often delivered pizza to Torchwood Jubilee Pizza
23%
K Teenager who was captured by what he thought were monsters but were in fact cannibals Kieran
23%
Q American forensic drama referenced by Jack Quincy
12%
A Alien who took on the form of prostitute Mary Arcateenian
9%
No matching quizzes found
Score Distribution
Percent of People with Each Score
Percentile by Number Answered
Your Score History
You have not taken this quiz